| 000 | 00870nam a2200217 4500 | ||
|---|---|---|---|
| 005 | 20240530110543.0 | ||
| 008 | 160519s2013 ua h f b 000 0 ara d | ||
| 017 |
_a1433/7343 _bالسعودية . مكتبة الملك فهد الوطنية |
||
| 020 | _a9786038120101 | ||
| 040 | _aEG-CaGPL | ||
| 082 | 0 | 4 |
_221 _a155.45\ _bع م |
| 100 | 0 | _aعفاف اسماعيل خيرالله | |
| 245 | 1 | 0 |
_aمتلازمات الاعاقة الفكرية : _bالاسباب - التشخيص - العلاج / _cعفاف اسماعيل خيرالله |
| 250 | _aط. 1 | ||
| 260 |
_aالرياض : _bدار الزهراء ، _c2013 . |
||
| 300 |
_a247 ص. : _bصور ؛ _c24 سم . |
||
| 504 | _aيشتمل على ارجاعات ببليوجرافية | ||
| 650 | 0 | 4 |
_aالتخلف العقلى _xالاسباب |
| 650 | 0 | 4 |
_aالتخلف العقلى _xعلاج |
| 942 |
_2ddc _cBK |
||
| 999 |
_c62299 _d62299 |
||